2026 World Cup - Croatia Squad - Statistics

General Stats
  • This quiz has been taken 18 times
  • The average score is 16 of 26
Answer Stats
Hint Club Pos Answer % Correct
Dinamo Zagreb Logo_GNK_Dinamo_Zagreb_%282019%29.svg GK Dominik Livakovic
100%
AC Milan Logo_of_AC_Milan.svg MF Luka Modric
100%
Hoffenheim Logo_TSG_Hoffenheim.svg FW Andrej Kramaric
94%
Manchester City Manchester_City_FC_badge.svg DF Josko Gvardiol
94%
PSV PSV_Eindhoven.svg FW Ivan Perisic
89%
Bayern Munich FC_Bayern_M%C3%BCnchen_logo_%282024%29.svg DF Josip Stanisic
89%
Manchester City Manchester_City_FC_badge.svg MF Mateo Kovacic
89%
Osasuna CA_Osasuna_2024_crest.svg FW Ante Budimir
83%
Orlando City Orlando_City_2014.svg FW Marco Pasalic
78%
Atalanta AtalantaBC.svg MF Mario Pasalic
78%
Real Sociedad Real_Sociedad_logo.svg MF Luka Sucic
72%
Inter Milan FC_Internazionale_Milano_2021.svg MF Peter Sucic
72%
Ajax Logo_AFC_Ajax_%281928-1991%2C_2025-%29.png DF Josip Sutalo
67%
Real Sociedad Real_Sociedad_logo.svg DF Duje Caleta-Car
61%
Hamburger SV Hamburger_SV_logo.svg DF Luka Vuskovic
61%
Como Calcio_Como_-_logo_%28Italy%2C_2019-%29.svg MF Martin Baturina
56%
Torino Torino_FC_Logo.svg MF Nikola Vlasic
56%
Fiorentina ACF_Fiorentina_-_logo_%28Italy%2C_2022%29.svg DF Marin Pongracic
44%
FC Dallas FC_Dallas_logo.svg FW Petar Musa
44%
SC Freiburg SC_Freiburg_logo.svg FW Igor Matanovic
39%
Copenhagen FC_Copenhagen_logo.svg GK Dominik Kotarski
33%
Bologna Bologna_F.C._1909_logo.svg MF Nikola Moro
28%
HNK Rijeka HNK_Rijeka.svg MF Toni Fruk
28%
Hull City Hull_City_A.F.C._logo.svg GK Ivor Pandur
22%
Augsburg FC_Augsburg_logo.svg MF Kristijan Jakic
22%
Midtjylland FC_Midtjylland_logo.svg DF Martin Erlic
11%
No matching quizzes found
Score Distribution
Percent of People with Each Score
Percentile by Number Answered
Your Score History
You have not taken this quiz